00749nam a2200253 a 4500001001300000003000900013005001700022008004100039020001000080082001700090100001500107245007400122260004200196300000900238500003500247505001000282650001800292650002000310700001500330902000800345942000700353952011800360999001700478nice12345678IN_TiNIC20260116013519.0050524s1982 dela grp 000 0 eng  ac20000a954.023bMIS aMisra, S C aRise of Muslim Power in Gujaratb a History of Gujarat from 1298-1442 aDelhibMunshiram Manoharlal Pubc1982 a252p aincludes index and biblioraphy2 aIndex aIndia-History aGujarat-History1 aMisra, S C bSRS cBK 001040708StackRoom-aHMIbHMId2009-08-20g200.00l0o954.023 MISp017261r2009-08-20v200.00w2005-05-24yBK c11288d11288